MARC-Details
| 000 -Satzkennung |
| Kontrollfeld mit fester Länge |
02166nam a22004932 4500 |
| 001 - Kontrollnummer |
| Kontrollfeld |
1832355039 |
| 003 - Kontrollnummer Identifier |
| Kontrollfeld |
DE-627 |
| 005 - Datum und Zeit der letzten Transaktion |
| Kontrollfeld |
20230915212259.0 |
| 007 - Feld mit fester Länge zur physischen Beschreibung - Allgemeine Information |
| Kontrollfeld mit fester Länge |
cr uuu---uuuuu |
| 008 - Feld mit fester Länge zur physischen Beschreibung - Allgemeine Angaben |
| Kontrollfeld mit fester Länge |
230125s2013 xx |||||o 00| ||und c |
| 020 ## - Internationale Standardbuchnummer |
| Internationale Standardbuchnummer |
9783110319798 |
| Verknüpfung |
978-3-11-031979-8 |
| 024 7# - Anderer Standardidentifier |
| Standardnummer oder Code |
20.500.12854/79419 |
| Quelle der Nummer oder des Codes |
hdl |
| 035 ## - Systemkontrollnummer |
| System-Kontrollnummer |
(DE-627)1832355039 |
| 035 ## - Systemkontrollnummer |
| System-Kontrollnummer |
(DE-599)KEP083841415 |
| 035 ## - Systemkontrollnummer |
| System-Kontrollnummer |
(OCoLC)865070671 |
| 035 ## - Systemkontrollnummer |
| System-Kontrollnummer |
(DOAB)79419 |
| 035 ## - Systemkontrollnummer |
| System-Kontrollnummer |
(EBP)083841415 |
| 040 ## - Katalogisierungsquelle |
| Original-Katalogisierungsstelle |
DE-627 |
| Katalogisierungssprache |
ger |
| Übertragungsstelle |
DE-627 |
| 041 ## - Sprachcode |
| Sprachcode des Textes/der Tonspur oder des separaten Titels |
und |
| 072 #7 - Code der Sacherschließungskategorie |
| Code der Sacherschließungskategorie |
JFSR1 |
| Quelle |
bicssc |
| 245 10 - Titel |
| Titel |
Das Emanzipationsedikt von 1812 in Preußen |
| Zusatz zum Titel |
Der lange Weg der Juden zu "Einländern" und "preußischen Staatsbürgern" |
| 264 #1 - Produktion, Veröffentlichung, Distribution, Herstellung und Urheberrechtsvermerk |
| Herstellungs-, Veröffentlichungs- Vertriebs-, Erzeugungsort |
Berlin ; Boston : |
| Produzent, Herausgeber, Distributor, Hersteller |
De Gruyter, |
| Datum der Herstellung, der Veröffentlichung, des Vertriebs oder des Urheberschutzvermerks |
2013 |
| 300 ## - Physische Beschreibung |
| Umfang |
1 Online-Ressource (390 Seiten) |
| 336 ## - Inhaltstyp |
| Inhaltstypterm |
Text |
| Inhaltstypcode |
txt |
| Quelle |
rdacontent |
| 337 ## - Medientyp |
| Bezeichnung des Medientyps |
Computermedien |
| Medientypcode |
c |
| Quelle |
rdamedia |
| 338 ## - Datenträgertyp |
| Datenträgertypbezeichnung |
Online-Ressource |
| Datenträgertypcode |
cr |
| Quelle |
rdacarrier |
| 490 0# - Gesamttitelangabe |
| Gesamttitelangabe |
Europäisch-jüdische Studien - Beiträge |
| Bandnummer/Folgebezeichnung |
15 |
| 500 ## - Allgemeine Fußnote |
| Allgemeine Fußnote |
E-Book / Open Access |
| 500 ## - Allgemeine Fußnote |
| Allgemeine Fußnote |
Auch als Printausgabe vorhanden |
| 506 0# - Fußnote zu Zugangsbeschränkungen |
| Zugangsbedingungen |
Open Access |
| Standardisierte Terminologie für Zugangsbeschränkungen |
Unrestricted online access |
| Quelle der Ansetzung oder des Terms |
star |
| 506 ## - Fußnote zu Zugangsbeschränkungen |
| Zugangsbedingungen |
frei zugänglich / Bitte beachten Sie die Lizenzbestimmungen im Dokument |
| 520 ## - Fußnote zu Zusammenfassungen usw. |
| Fußnote zur Zusammenfassung usw. |
Two-hundred years after the issuance of the Edict concerning the civil rights of Jews in the Prussian state, the thirteen essays in this volume examine the Prussian emancipation model with the benefit of previously unresearched sources. Starting from the situation facing Prussian Jews at the time of King Friedrich II, the contributors explore the question of what new options the Edict opened up for the Jews and which constraints they continued to face as before |
| 540 ## - Fußnote zu Benutzungs- und Vervielfältigungsbedingungen |
| Benutzungs- und Vervielfältigungsbedingungen |
Creative Commons |
| 546 ## - Fußnote zur Sprache |
| Sprache |
German |
| 648 ## - Nebeneintragung unter einem Schlagwort - Zeitschlagwort |
| Zeitschlagwort |
1812 |
| Koha-Normdatenidentnummer |
26869 |
| 650 ## - Nebeneintragung unter einem Schlagwort - Sachschlagwort |
| Sachschlagwort oder geografischer Name als Eintragungselement |
Judenemanzipation |
| Koha-Normdatenidentnummer |
12267 |
| 651 #7 - Nebeneintragung unter einem Schlagwort - Geografischer Name |
| Quelle der Ansetzung oder des Terms |
gnd |
| Geografischer Name |
Preußen |
| 655 ## - Indexierungsterm - Genre/Form |
| Genre/Form oder fokussierter Term |
Open Access |
| 700 1# - Nebeneintragung - Personenname |
| Personenname |
Diekmann, Irene A. |
| Funktionsbezeichnung |
HerausgeberIn |
| Funktionsbezeichnungscode |
edt |
| Koha-Normdatenidentnummer |
26865 |
| 776 08 - Andere physische Form |
| Verweisungsphrase |
Print version: |
| Titel |
Das Emanzipationsedikt von 1812 in Preußen |
| Datensatzkontrollnummer |
ht017630397 |
| 856 40 - Elektronische Adresse und Zugriff |
| URL |
<a href="https://directory.doabooks.org/handle/20.500.12854/79419">https://directory.doabooks.org/handle/20.500.12854/79419</a> |
| OPAC-Notiz |
frei zugänglich |
| 942 ## - Zusätzliche Felder (Koha) |
| Klassifikation oder Aufstellungssystematik |
Andere/Generische Klassifikation |
| Koha-Medientyp |
E-Books |